00427nam a22001217a 4500020001600000082001000016100001700026245013700043260003400180300002700214650004300241700002100284 qHard Cover. a307.1 aMunir, Tariq aMapping tourism crime and tourists’ perception of safety and security in a tourist city:bThe Case Study of Murree /cTariq Munir. aIslamabad:bSCEE NUST,c2016. a92 p. :bill. ;c30cm. aUrban and Regional Planning MS-Thesis. aDr. Abdul waheed